Macroeconomic Analysis and Policy : The Case of Egypt /

This book aims at illustrating the process of formulating a hypothetical macroeconomic and structural adjustment program, which is a central element in the financial programming courses offered in the IMF Institute. The series of workshops contained in the book elaborate on key concepts for the four...

Fuld beskrivelse

Bibliografiske detaljer
Hovedforfatter: Hussein, Shehadah
Andre forfattere: Hosny, Mohamed, Rached, Mounir, Yousef, Abdelhadi
Format: Tidsskrift
Sprog:English
Udgivet: Washington, D.C. : International Monetary Fund, 1997.
Fag:
Online adgang:Full text available on IMF
LEADER 01653cas a2200265 a 4500
001 AALejournalIMF012170
008 230101c9999 xx r poo 0 0eng d
020 |z 9781557756398 
040 |a BD-DhAAL  |c BD-DhAAL 
100 1 |a Hussein, Shehadah. 
240 1 0 |a Macroeconomic Analysis and Policy: The Case of Egypt.  |l Arabic 
245 1 0 |a Macroeconomic Analysis and Policy :   |b The Case of Egypt /  |c Shehadah Hussein, Abdelhadi Yousef, Mohamed Hosny, Mounir Rached. 
264 1 |a Washington, D.C. :  |b International Monetary Fund,  |c 1997. 
300 |a 1 online resource (250 pages) 
500 |a <strong>Off-Campus Access:</strong> No User ID or Password Required 
500 |a <strong>On-Campus Access:</strong> No User ID or Password Required 
506 |a Electronic access restricted to authorized BRAC University faculty, staff and students 
520 3 |a This book aims at illustrating the process of formulating a hypothetical macroeconomic and structural adjustment program, which is a central element in the financial programming courses offered in the IMF Institute. The series of workshops contained in the book elaborate on key concepts for the four main macroeconomic sectors, real, fiscal, monetary, and external sectors-and on forecasting techniques using Egypt as a case study. 
538 |a Mode of access: Internet 
650 7 |a Central Banks and Their Policies  |2 imf 
650 7 |a Foreign Exchange  |2 imf 
700 1 |a Hosny, Mohamed. 
700 1 |a Rached, Mounir. 
700 1 |a Yousef, Abdelhadi. 
856 4 0 |z Full text available on IMF  |u http://elibrary.imf.org/view/books/071/04366-9781557756398-ar/04366-9781557756398-ar-book.xml  |z IMF e-Library